Szczegóły MARC21

Zarządzanie zasobami ludzkimi w sektorze turystycznym /

003 -Nazwa inst., której nr kontr. jest w polu 001 [,]
    • @
    • Nazwa instytucji, której n kontrolny jest w polu 001
    • NUKAT
005 -DATA I CZAS OSTATNIEJ MODYFIKACJI [,]
    • @
    • pole kontrolne
    • 20241231112445.0
020 -Międzynarod. znormalizowany nr książki - ISBN [ , ]
    • a
    • Numer ISBN
    • 9788372518460 Find
040 -Instytucja sporządzająca opis [ , ]
    • a
    • Instytucja, która sporządziła opis (NP)
    • BYDG 24/ap
    • c
    • Instytucja, która sporządziła rekord (NP)
    • BYDG 24/ap
    • d
    • Instytucja, która zmodyfikowała rekord (P)
    • BYDG 24/MM
    • d
    • Instytucja, która zmodyfikowała rekord (P)
    • BYDG 24/MSzs
    • d
    • Instytucja, która zmodyfikowała rekord (P)
    • GL 001/DA
942 -Rodzaj dokumentu [ , ]
    • c
    • Rodzaj dokumentu
    • Książka
100 -Hasło główne - nazwa osobowa [1, ]
    • a
    • Nazwa osobowa (NP)
    • Tokarz-Kocik, Anna.
    • 9
    • KHW
    • 89881
245 -Strefa tytułu i oznaczenia odpowiedzialności [1,0]
    • a
    • Tytuł
    • Zarządzanie zasobami ludzkimi w sektorze turystycznym / Find
    • c
    • Pozostałe elementy strefy tytułu i oznaczenia odpowiedzialności (NP)
    • Anna Tokarz.
260 -Strefa adresu wydawniczego [ , ]
    • a
    • Miejsce wydania (P)
    • Warszawa :
    • b
    • Nazwa wydawcy (P)
    • "Difin",
    • c
    • Data wydania (P)
    • 2008.
300 -Strefa opisu fizycznego [ , ]
    • a
    • Określenie formy książki i/lub objętość (NP)
    • 136 s. :
    • b
    • Oznaczenie ilustracji (NP)
    • il. ;
    • c
    • Format (NP)
    • 23 cm.
336 -Typ zawartości [ , ]
    • a
    • Termin opisujący typ zawartości
    • Tekst
    • b
    • Kod określający zawartość
    • txt
    • 2
    • Źródło (terminu i kodu)
    • rdacontent
337 -Typ mediów [ , ]
    • a
    • Tryb odtwarzania
    • Bez urządzenia pośredniczącego
    • b
    • Kod typu mediów
    • n
    • 2
    • Źródło (terminu i kodu)
    • rdamedia
338 -Typ/rodzaj nośnika [ , ]
    • a
    • Hasło opisujące typ nośnika
    • Wolumin
    • b
    • Kod typu nośnika
    • nc
    • 2
    • Źródło (terminu i kodu)
    • rdacarrier
504 -Uwaga dot. bibliogr. załącznikowej [ , ]
    • a
    • Uwaga dot. bibliografii załącznikowej
    • Bibliogr. s. 114-117.
080 -Uniwersalna Klasyfikacja Dziesiętna [ , ]
    • 2
    • Identyfikator wydania tablic
    • UDC-P058
    • a
    • Symbol klasyfikacji
    • 338.48
    • b
    • Dopowiedzenie
    • Gospodarcze aspekty turystyki. Ekonomika turystyki.
    • x
    • Poddział wspólny
    • (075.8)
    • b
    • Dopowiedzenie
    • (Podręczniki dka szkół wyższych. Skrypty).
080 -Uniwersalna Klasyfikacja Dziesiętna [ , ]
    • 2
    • Identyfikator wydania tablic
    • UDC-P058
    • a
    • Symbol klasyfikacji
    • 005.95/.96
    • b
    • Dopowiedzenie
    • Zarządzanie personelem. Zarządzanie zasobami ludzkimi. Mentoring.
    • x
    • Poddział wspólny
    • (075.8)
    • b
    • Dopowiedzenie
    • (Podręczniki dka szkół wyższych. Skrypty).
650 -Hasło przedmiotowe [ ,7]
    • a
    • Hasło przedmiotowe
    • Turystyka
    • x
    • Określnik rzeczowy
    • personel
    • x
    • Określnik rzeczowy
    • kierowanie.
    • 2
    • Źródło terminu
    • kaba
    • 9
    • KHW
    • 673720
650 -Hasło przedmiotowe [ ,7]
    • a
    • Hasło przedmiotowe
    • Turystyka
    • x
    • Określnik rzeczowy
    • personel
    • x
    • Określnik rzeczowy
    • rekrutacja.
    • 2
    • Źródło terminu
    • kaba
    • 9
    • KHW
    • 456666
980 -Symbol UKD [ , ]
    • a
    • UKD
    • 338.48:005.95/.96](075.8)
710 -Hasło dodatkowe - nazwa ciała zbiorowego [2, ]
    • a
    • Nazwa ciała zbiorowego lub nazwa geograficzna jako pierwszy element (NP)
    • Difin.
    • 4
    • Kod relacji
    • pbl
    • 9
    • KHW
    • 52248
920 -ISBN [ , ]
    • a
    • ISBN
    • 978-83-7251-846-0 Find
Status udost. Numer inwentarzowy Sygnatura Data inwentaryzacji Lokalizacja
-2E.71304 2008-04-30BE
-2S.93158 2008-05-28BE
-3TM.5567TM.55672008-04-23BE
-3TM.5568TM.55682008-04-23BE
-3TM.5612TM.56122008-04-25BE
-3TM.5619TM.56192008-04-25BE
-3TM.5616TM.56162008-04-25BE
-3TM.5625TM.56252008-04-25BE
-3TM.5627TM.56272008-04-25BE
-3TM.5628TM.56282008-04-25BE
-3TM.5630TM.56302008-04-25BE
-3TM.5635TM.56352008-04-25BE
1Z.111851 2008-12-01BG
-2T.10015 2008-04-23T
-3TM.5566TM.55662008-04-23T
-3TM.5611TM.56112008-04-25T
-3TM.5613TM.56132008-04-25T
-6TM.5614TM.56142008-04-25T
-3TM.5615TM.56152008-04-25T
-3TM.5617TM.56172008-04-25T
-3TM.5620TM.56202008-04-25T
-3TM.5621TM.56212008-04-25T
-3TM.5622TM.56222008-04-25T
-3TM.5624TM.56242008-04-25T
-3TM.5626TM.56262008-04-25T
-3TM.5629TM.56292008-04-25T
-3TM.5631TM.56312008-04-25T
-3TM.5632TM.56322008-04-25T
-3TM.5633TM.56332008-04-25T
-3TM.5634TM.56342008-04-25T
-3TM.5618TM.56182008-04-25T
-3TM.6164TM.61642008-12-29T
-3TM.5623TM.56232008-04-25T